Królowie Polski - Statystyki

Ogólne statystyki
  • Ten quiz został rozwiązany 11 220 razy
    10 981 od ostatniego zresetowania
  • Średni wynik to 18 z 27
Statystyki odpowiedzi
Dynastia Lata Król % Poprawnych
Piastowie 1025 r. Bolesław I Chrobry
97%
Sobiescy 1674-1696 Jan III Sobieski
90%
Poniatowscy 1764-1795 Stanisław August Poniatowski
90%
Jagiellonowie 1386-1434 Władysław II Jagiełło
89%
Batory 1576-1586 Stefan Batory
88%
Piastowie 1333-1370 Kazimierz III Wielki
87%
Wazowie 1587-1632 Zygmunt III Waza
83%
Andegawenowie 1384-1399 Jadwiga Andegaweńska
80%
Piastowie 1025-1031 Mieszko II Lambert
76%
Piastowie 1320-1333 Władysław I Łokietek
73%
Wazowie 1648-1668 Jan II Kazimierz Waza
72%
Leszczyńscy 1704-17091733-1736 Stanisław Leszczyński
69%
Wazowie 1632-1648 Władysław IV Waza
68%
Jagiellonowie 1530-1572 Zygmunt II August
68%
Walezjusze 1573-1574 Henryk Walezy
67%
Wiśniowieccy 1669-1673 Michał Korybut Wiśniowiecki
67%
Jagiellonowie 1507-1548 Zygmunt I Stary
67%
Piastowie 1295-1296 Przemysł II
59%
Piastowie 1076-1079 Bolesław II Szczodry
57%
Jagiellonowie 1492-1501 Jan I Olbracht
56%
Jagiellonowie 1447-1492 Kazimierz IV Jagiellończyk
55%
Jagiellonowie 1434-1444 Władysław III Warneńczyk
51%
Wettynowie 1733-1763 August III Sas
49%
Wettynowie 1697-17061709-1733 August II Mocny
47%
Jagiellonowie 1501-1506 Aleksander Jagiellończyk
42%
Andegawenowie 1370-1382 Ludwik Węgierski
40%
Przemyślidzi 1300-1305 Wacław II
33%
Nie znaleziono quizów pasujących do podanych kryteriów
Rozkład punktacji
Procent ludzi z każdym wynikiem
Percentyl według liczby udzielonych odpowiedzi
Twoja historia wyników
Nie rozwiązałeś tego quizu od ostatniego zresetowania